Normal view
MARC view
- SUPERVISOR Dr. Mahrukh Liaqat Dr. Taosif Iqbal
Entry Corporate Name
001 - CONTROL NUMBER
- control field: 130896
003 - CONTROL NUMBER IDENTIFIER
- control field: NUST
005 - DATE AND TIME OF LATEST TRANSACTION
- control field: 20251004144349.0
008 - FIXED-LENGTH DATA ELEMENTS
- fixed length control field: 251004|| aca||aabn | a|a d
040 ## - CATALOGING SOURCE
- Original cataloging agency: NUST
- Transcribing agency: NUST
110 ## - HEADING--CORPORATE NAME
- Corporate name or jurisdiction name as entry element: SUPERVISOR Dr. Mahrukh Liaqat Dr. Taosif Iqbal
670 ## - SOURCE DATA FOUND
- Source citation: Work cat.: (NUST): NS Zubair Mehmood NS Muhammad Aamir Hafeez NS Muhammad Zubair Ali NS Ahmad Raza 130895, PR-SOF-2556-DESIGN OF A DIGITAL CONTROLLER FOR A BRUSHLESS DC MOTOR TO CONVERT A CONVENTIONAL CAR INTO A HYBRID VEHICLE, 2025.
